000 00479nam a2200157 i 4500
001 60553
003 ES-MaACL
005 20230906164245.0
007 t|
008 031105s1924 ve ||||1| spa d
100 1 _aEspino, J. M.
_947858
245 1 0 _aCuerpo extraño intraorbitario de gran tamaño
_b: manifestaciones oculares de la lepra /
_cJ.M. Espino.
260 _aCaracas :
_b[s.n.],
_c1924 (
_fTip. Mercantil)
300 _a18 p. ;
_c24 cm.
852 _aES-MaACL
_j1693-F-1
999 _c60553
_d60553